[Event "GER-chT U12"]
[Site "Schney"]
[Date "2013.12.30"]
[Round "7.1"]
[White "Klein, Sebastian"]
[Black "Mantel, Ruben"]
[Result "1/2-1/2"]
[WhiteElo "1331"]
[BlackElo "1665"]
[PlyCount "82"]
[EventDate "2013.12.27"]
[EventType "team-swiss"]
[EventRounds "7"]
[EventCountry "GER"]
[SourceTitle "EXT 2015"]
[Source "ChessBase"]
[SourceDate "2014.11.20"]
[SourceVersion "1"]
[SourceVersionDate "2014.11.20"]
[SourceQuality "1"]
[WhiteTeam "Spaichingen"]
[BlackTeam "Nuernberg Zabo"]
[WhiteTeamCountry "GER"]
[BlackTeamCountry "GER"]

1. c4 e6 2. Nc3 d5 3. cxd5 exd5 4. g3 Nf6 5. Bg2 c6 6. d3 Bd6 7. Nf3 0-0 8. Bg5 Bf5 9. 0-0 Nbd7 10. e4 Bg4 11. Qd2 Bxf3 12. Bxf3 Qa5 13. exd5 cxd5 14. Nxd5 Qxd2 15. Bxd2 Ne5 16. Nxf6+ gxf6 17. Be4 f5 18. Bg2 Nxd3 19. Bc3 Bc5 20. Bf6 Rfe8 21. Rad1 Re6 22. Rxd3 Rxf6 23. Bxb7 Rb8 24. Rb3 Bb6 25. Bf3 Rd8 26. Rb5 Rd2 27. Bd5 f4 28. g4 Rd6 29. Bb3 Kg7 30. Rb4 f3 31. Rc4 Rxb2 32. Rc3 Rf6 33. Rc2 Rxc2 34. Bxc2 Re6 35. Bd1 Rf6 36. Re1 Rf4 37. h3 Kg6 38. Re5 f6 39. Rf5 Rd4 40. Bxf3 Rd2 41. Bd5 Bxf2+ 1/2-1/2